Statistics for German Vocabulary "B"

Click here to take the quiz!

General Stats

  • This quiz has been taken 232 times
  • The average score is 12 of 20

Answer Stats

GermanEnglish% Correct
Brotbread
99%
billigcheap
80%
Bergmountain
80%
bezahlenpay
75%
Brückebridge
73%
Beinleg
73%
Brilleglasses
71%
besuchenvisit
70%
bevorbefore
68%
Bürgermeistermayor
60%
Bienebee
55%
Brezelpretzel
54%
Bartbeard
53%
blutenbleed
53%
Burgcastle
48%
Bischofbishop
47%
Birnepear
46%
barfußbarefoot
45%
Bahnsteigplatform
27%
Blinddarmappendix
21%

Score Distribution

Percentile by Number Answered

Percent of People with Each Score

Your Score History

You have not taken this quiz